1523 1057 1797 1426 1299 1296 1845 1925 1745 1305 1603 1917 1775 1499 1134 1106 1010 1730 1394 1571 1140 1254 1446 1250 1608 1818 1034 1020 1867 1962 1353 1658 1231 1169 1543 1318 1608 1669 1752 1244 1475 1571 1797 1318 1111 1664 1347 1827 1709 1204 1737 1935 1094 1398 1522 1205 1704 1507 1368 1164 1104 1944 1149 1030 1767 1109 1757 1847 1647 1697 1887 1167 1679 1090 1500 1528 1082 1056 1242 1089 1320 1511 1242 1928 1603 1059 1527 1079 1901 1254 1424 1005 1253 1738 1148 1503 1026 1546 1373 BCNSPRNW ULIB Ver.6.0+V

เปลี่ยนเป็นภาษาไทย

Change to English
 แสดงรายละเอียดบรรณานุกรม
  กลับหน้าหลัก

Brief Record : Get Marc (ISO 2709) : E-mail record : QR code < ปิดหน้าต่าง
LEADER : 00000nam 2200000uu 4500
001    13399111927
003     ULIB
008    110627s2552||||th 000 0 tha d
020    9786165000222
090    นว.^bอ967พ 2552
100 0  ไอศิยา
245 00 เพียงใจภักดิ์/^cไอศิยา
250    พิมพ์ครั้งที่ 1
260    กรุงเทพฯ :^bพิมพ์คำ,^c2552
300    328 หน้า
710 1  พิมพ์คำ
945    ^p220^l0^i028058
995    ทศพร
999 ^a ใช้งานได้ทุกระบบ
รายการนี้ยังไม่มีแท็ก
คุณยังไม่ได้ล็อกอิน คุณสามารถมีกิจกรรมร่วมกับเว็บไซต์ได้ แต่ต้องล็อกอินก่อน ::
  ล็อกอิน

รายการสื่อสารสนเทศ

ลำดับที่ ประเภท เลขเรียก/บาร์โค้ด สถานที่ สถานะ
- ไม่พบข้อมูล -

รายการใกล้เคียง
    ผู้แต่ง [ไอศิยา]

BibComment


ยังไม่เคยถูกคอมเมนท์

คอมเมนท์ทรัพยากรรายการนี้
  คอมเมนท์: เพียงใจภักดิ์ ไอศ..


 Copyright 2026. Bcnsprnw @Library